Manu Kama's road, Tepa Nilu's path : theme, narrative, and formula in Rotinese ritual language

Bibliographic Details
Published in:To speak in pairs, ed. by James J. Fox, Cambridge, 1988, P. 161-201 (Cambridge studies in oral and literate culture)
Main Author: Fox, James J.
Content type: Article
Published: 1988
Source:MPIPL_cat

MARC

LEADER 00000naa a2200000 u 4500
001 PL0052337
003 PLI01000000000000000052070
005 00000000000000.0
008 ||| u
100 1 |a Fox, James J. 
245 0 0 |a Manu Kama's road, Tepa Nilu's path  |b theme, narrative, and formula in Rotinese ritual language  |c James J. Fox 
260 |c 1988 
773 0 8 |t To speak in pairs  |a ed. by James J. Fox  |d Cambridge, 1988  |g P. 161-201  |k Cambridge studies in oral and literate culture  |w MPIPL_cat.PL0052330  |z 0-521-34332-1  |i In: 
952 |j 1988  |h P. 161-201 
996 |a Aufsatz 
997 |a book chapter